İsmet İnönü/ (Record no. 14132)

MARC details
000 -BAŞLIK
Sabit Uzunlukta Kontrol Alanı 00700nam a22002177a 4500
999 ## - SİSTEM KONTROL NUMARALARI (KOHA)
Koha Biblionumber 14132
Koha Biblioitemnumber 14132
001 - KONTROL NUMARASI
Denetim Alanı 14042
003 - KONTROL NUMARASI IDENTIFIER
Denetim Alanı MIRAKIL
005 - SON İŞLEM TARİHİ VE ZAMANI
Denetim Alanı 20201023103812.0
008 - SABİT-BOY VERİ ELEMANLARI - GENEL BİLGİLER
Sabit Uzunlukta Kontrol Alanı 201023b tu ||||| |||| 00| 0 tur d
040 ## - KATALOGLAMA KAYNAK
Orijinal Kataloglama Ajansı TR-AnCHP
Kataloglama Dili tur
Metne Dönüştürmek Ajansı TR-AnCHP
082 ## - DEWEY ONLU SINIFLANDIRMA NUMARASI
Sınıflandırma Numarası 923.1561 İnönü,İ.
Ürün Numarası O67i 1950
090 ## - SINIFLAMA NUMARASI
Sınıflama Numarası 923.1561 İnönü,İ. O67i 1950
100 ## - ANA GİRİŞ - KİŞİSEL İSİM
Kişisel Ad Ortaç, Yusuf Ziya
245 ## - BAŞLIK TABLOSU
Başlık İsmet İnönü/
Sorumluluk Tablosu, Vb Yusuf Ziya Ortaç.
260 ## - YAYIN, DAĞITIM, VB
Yayın, Dağıtım, Vb Yeri Ankara:
Yayıncı, Dağıtıcı, Vs Adı [yayl. y.],
Yayın, Dağıtım, Vb Tarihi 1950
Üretici Firma Ulus Basımevi.
300 ## - FİZİKSEL TANIM
Kapsam 150 s.:
Boyutlar 21 sm.
600 ## - KONU KATMA GİRİŞ - KURUMSAL ADI
Kişisel Ad İnönü, İsmet
Başlıklar Ve Bir Adla İlişkili Diğer Kelimeler Türkiye Cumhuriyeti Cumhurbaşkanı
Bir Adıyla İlişkilendirilen Tarihler 1884-1973
Genel Alt Bölümü Yaşamöyküsü
650 ## - KONU KATMA GİRİŞ - TOPİKAL DÖNEM
Topikal Süreli Veya Coğrafi Ad Giriş Elemanı Devlet adamları
Genel Alt Bölümü Yaşamöyküsü
Coğrafi Alt Bölümü Türkiye
942 ## - EKLENDİ GİRİŞ ELEMANLARI (KOHA)
Sınıflandırma Veya Raf Düzeni Kaynak Dewey Decimal Classification
Koha Öğesi Türü Books
999 ## - SİSTEM KONTROL NUMARALARI (KOHA)
Koha Biblioitemnumber 14132
Holdings
Kullanım Kısıtlamaları Kalıcı Konum Mevcut Konum Edinme Tarihi Toplam Check-Out'Lar Tam Çağrı Numarası Barkod Tarih Son Görülme İtibaren Geçerli Fiyatlar Sigara Kamu Notu Koha Öğesi Türü
Kütüphane dışına çıkarılamaz CHP Kütüphanesi CHP Kütüphanesi 10/23/2020   CHP 923.1561 İnönü,İ. O67i 1950 019654 10/23/2020 10/23/2020 Emine Başak Alkan Bağışıdır. Books